| 000 | 01975nam a2200397 i 4500 | ||
|---|---|---|---|
| 001 | 186221 | ||
| 003 | SpMaBN | ||
| 005 | 20250720091904.0 | ||
| 008 | 160920s2015 sp a c |||| |dspa d | ||
| 017 |
_aM 21145-2015 _bOficina Depósito Legal Madrid |
||
| 020 | _a978-84-92632-66-4 | ||
| 024 | 7 |
_aNIPO 503-15-008-X _2nipo |
|
| 080 | _a012 Cervantes Saavedra, Miguel de | ||
| 245 | 0 | 0 |
_aQuijotes por el mundo _b: [exposición] / _c[organiza, Instituto Cervantes ; comisario, José Manuel Lucía Megías]. |
| 246 | 1 |
_iTít. del material anejo _aEl mapa de las traducciones del "Quijote" |
|
| 260 |
_a[Madrid] : _bInstituto Cervantes, _c[2015] |
||
| 300 |
_a95 p. : _bil. col., fot. ; _c21 cm + _e1 h. pleg. de mapa. |
||
| 336 |
_aTexto (visual) _2isbdcontent |
||
| 337 |
_asin mediación _2isbdmedia |
||
| 338 |
_2rdacarrier _avolumen |
||
| 500 | _aTítulo del material anejo: El mapa de las traducciones del Quijote | ||
| 500 | _aSala de Exposiciones del Instituto Cervantes en Madrid, 21 de abril-4 de octubre de 2015 | ||
| 600 | 1 | 4 |
_aCervantes Saavedra, Miguel de, _d1547-1616. _tDon Quijote de la Mancha- _vExposiciones _937619 |
| 600 | 1 | 4 |
_aCervantes Saavedra, Miguel de, _d1547-1616. _tDon Quijote de la Mancha- _vExposiciones _937619 |
| 655 | 7 |
_2tgfbne _9193628 _aCatálogos de exposiciones |
|
| 700 | 1 |
_aLucía Megías, José Manuel, _d1967- _9240291 |
|
| 710 | 2 |
_aInstituto Cervantes. _94811 |
|
| 740 | 3 | 2 | _aEl mapa de las traducciones del Quijote. |
| 852 |
_aES-MaACL _jA-13805 _9193276 _bR.151185 _cDEPO1 _dOlim: N-6805 |
||
| 852 |
_aES-MaACL _bR. 154497 _cDEPOJ _jN-9085 _gFirmado, dedicado e ilustrado por el comisario de la exposición _hDonación: José Manuel Lucía Megías _xRústica _9200395 |
||
| 903 |
_aLucía Megías, José Manuel, _d1967- _ednr _9240291 |
||
| 942 |
_2udc _cMONOGRAFIA |
||
| 999 |
_c186221 _d186221 |
||